000 01469nam a22002777a 4500
001 1490
005 20231002103846.0
020 _a9789924340041
040 _aFISKH
_beng
_cFISKH
_dFISKH
082 _a641.5638
100 _aSophal, Bot
245 _aអាថ៍កំបាំងអាហារដើម្បីសុខភាព /
250 _aបោះពុម្ពលើកទី ៤ ខែមករា ២០២៣
260 _aPhnom Penh :
_bSipar,
_c2023.
300 _a44 pages :
_bcolor illustrations ;
_c29 cm
490 _aបំណិនជីវិត
505 _aZ'
520 _aបង្ហាញពីអត្ថប្រយោជន៍​នៃអាហារ ច្រើនប្រភេទដែលយើងទទួលទានរាល់ថ្ងៃ តួនាទីនៃអាហារ របៀបទទួលទាន ជំងឺកើតមកពីការទទួលទានមិនបានត្រឹមត្រូវ និងប្រការគួរជៀសវៀង។
520 _aShows the benefits of the variety of foods we eat every day, the role of food, how to eat, the disease caused by improper eating and things to avoid.
521 _a1120
_bLexile estimate
521 _aZ'
_bRaz-Plus
650 _aអាហារ
_vមូលហេតុ
_xតួនាទី
650 _aFood
_vCause
_xRole
700 _aRotha, Ouk
_cillustrator
942 _2ddc
_cBK
_n0
999 _c1490
_d1490